Goodness gracious me ! / (Record no. 44366)
[ view plain ]
| 000 -LEADER | |
|---|---|
| fixed length control field | 00942nji a22002537a 4500 |
| 005 - DATE AND TIME OF LATEST TRANSACTION | |
| control field | 20100908104645.0 |
| 006 - FIXED-LENGTH DATA ELEMENTS--ADDITIONAL MATERIAL CHARACTERISTICS--GENERAL INFORMATION | |
| fixed length control field | a|||||r|||||00| 0 |
| 007 - PHYSICAL DESCRIPTION FIXED FIELD--GENERAL INFORMATION | |
| fixed length control field | sd ammalaaahaa |
| 008 - FIXED-LENGTH DATA ELEMENTS--GENERAL INFORMATION | |
| fixed length control field | 100830t xxu||||| |||| 00| 0 eng d |
| 028 ## - PUBLISHER NUMBER | |
| Publisher number | R.4702 |
| Source | Parlophone |
| 035 ## - SYSTEM CONTROL NUMBER | |
| System control number | GR-01369 |
| 040 ## - CATALOGING SOURCE | |
| Original cataloging agency | SED |
| Transcribing agency | SED |
| 100 ## - MAIN ENTRY--PERSONAL NAME | |
| 9 (RLIN) | 17455 |
| Personal name | Goodwin, Ron |
| 245 ## - TITLE STATEMENT | |
| Title | Goodness gracious me ! / |
| Statement of responsibility, etc | directed by Ron Goodwin; sung by Peter Sellers [and] Sophia Loren |
| Medium | [sound recording] : |
| 260 ## - PUBLICATION, DISTRIBUTION, ETC. (IMPRINT) | |
| Place of publication, distribution, etc | India |
| Name of publisher, distributor, etc | Parlophone |
| 300 ## - PHYSICAL DESCRIPTION | |
| Extent | 1 sound disc [Gramophone Recording]: |
| Other physical details | analog, 33 1/3 rpm |
| Dimensions | 9.5 in. (MP) |
| Type of unit | Gramophone Record |
| 500 ## - GENERAL NOTE | |
| General note | Brief Record |
| 505 ## - FORMATTED CONTENTS NOTE | |
| Formatted contents note | Side-2 (Grandpa's crave) (Peter Sellers) |
| 650 ## - SUBJECT ADDED ENTRY--TOPICAL TERM | |
| Topical term or geographic name as entry element | Classical music |
| Geographic subdivision | India |
| 9 (RLIN) | 1186 |
| General subdivision | Excerpts |
| 700 ## - ADDED ENTRY--PERSONAL NAME | |
| Personal name | Sellers, Peter |
| 9 (RLIN) | 18826 |
| 700 ## - ADDED ENTRY--PERSONAL NAME | |
| Personal name | Loren, Sophia |
| 9 (RLIN) | 18827 |
| 942 ## - ADDED ENTRY ELEMENTS (KOHA) | |
| Source of classification or shelving scheme | Dewey Decimal Classification |
| Item type | Gramaphone Records |
| Withdrawn status | Lost status | Source of classification or shelving scheme | Damaged status | Not for loan | Collection code | Home library | Current library | Date acquired | Source of acquisition | Total Checkouts | Barcode | Date last seen | Copy number | Price effective from | Koha item type |
|---|---|---|---|---|---|---|---|---|---|---|---|---|---|---|---|
| Dewey Decimal Classification | Not For Loan | Non-fiction | Central Library | Central Library | 08/09/2010 | SED/VEN | GR-01369 | 08/09/2010 | 1 | 08/09/2010 | Gramaphone Records |
